Missing Word: Cate Blanchett Quiz Stats

 Plays Quiz Updated Dec 28, 2014

Challenge
Share
Tweet
Embed
Score 0/16 Timer 02:00
0 Plays Today
Cate Blanchett Movie Answer % Correct
The Curious Case of _____ ButtonBenjamin
97.1%
_____ HoodRobin
94.5%
The Talented Mr. _____Ripley
91.7%
The Lord of the Rings: The _____ TowersTwo
89.1%
_____ JasmineBlue
58.7%
_____: The Golden AgeElizabeth
51.4%
Pushing _____Tin
45%
The Shipping _____News
42.4%
Cate Blanchett Movie Answer % Correct
The _____ GermanGood
35.7%
Coffee and _____Cigarettes
33.6%
Notes on a _____Scandal
31.5%
_____ GuerinVeronica
19.9%
_____ and LucindaOscar
17.2%
Charlotte _____Gray
13.8%
Little _____Fish
7.3%
The Wedding _____Party
6.8%

Today's Daily Dose

Missing Word
TV HA - HZ

Word Ladder
Nordic Capital

On This Day
January 19th II

You're not logged in!

Compare scores with friends on all Sporcle quizzes.
OR
Log In

You Might Also Like...

Show Comments

Extras

Top Quizzes Today


Score Distribution

Your Account Isn't Verified!

In order to create a playlist on Sporcle, you need to verify the email address you used during registration. Go to your Sporcle Settings to finish the process.

Report this User

Report this user for behavior that violates our Community Guidelines.

Details: